Vyhliadka a vinárstvo, Pezinok
Saved in:
| Main Author: | |
|---|---|
| Other Authors: | |
| Format: | Manuscript Book |
| Language: | Slovak |
| Published: |
2024
|
| Subjects: | |
| Online Access: | http://is.stuba.sk/zp/portal_zp.pl?podrobnosti=162033 |
| Tags: |
No Tags, Be the first to tag this record!
|
MARC
| LEADER | 00000ntm a22000003a 4500 | ||
|---|---|---|---|
| 001 | stuzp99857 | ||
| 003 | SK-STU | ||
| 005 | 20240615211625.5 | ||
| 007 | ta | ||
| 008 | 150427s2015----xo-----f-mn---000-0-slo-d | ||
| 040 | |a STU |b slo | ||
| 041 | 0 | |a slo | |
| 100 | 1 | |a Vallová, Petronela |u 053130 |4 aut |U FAD Fakulta architektúry a dizajnu |T FAD Ústav dejín a teórie architektúry a obnovy pamiatok |X 110291 |U A3130 |Y 394 |7 110291 | |
| 242 | 0 | 1 | |a Lookout Point and Winery, Pezinok |y eng |
| 245 | 1 | 0 | |a Vyhliadka a vinárstvo, Pezinok |
| 260 | |c 2024 | ||
| 650 | 4 | |a vinárstvo |2 slo | |
| 650 | 4 | |a vyhliadka |2 slo | |
| 650 | 4 | |a novostavba |2 slo | |
| 650 | 4 | |a architektonický návrh |2 slo | |
| 650 | 4 | |a Pezinok |2 slo | |
| 650 | 4 | |a lookout |2 eng | |
| 650 | 4 | |a winery |2 eng | |
| 650 | 4 | |a new building |2 eng | |
| 650 | 4 | |a architectural design |2 eng | |
| 650 | 4 | |a Pezinok |2 eng | |
| 700 | 1 | |a Varga, Martin |u 053130 |k Z3 |4 ths |U FAD Fakulta architektúry a dizajnu |T FAD Ústav dejín a teórie architektúry a obnovy pamiatok |X 87973 |U A3130 |Y 394 |7 0000087973 | |
| 856 | 4 | |u http://is.stuba.sk/zp/portal_zp.pl?podrobnosti=162033 | |